[Event "Chateauroux op 15th"]
[Site "Chateauroux"]
[Date "2014.10.29"]
[Round "7"]
[White "Budak, Rewi"]
[Black "Petit, Mathias"]
[Result "1-0"]
[WhiteElo "1829"]
[BlackElo "1263"]
[PlyCount "49"]
[EventDate "2014.10.25"]
[EventType "swiss"]
[EventRounds "7"]
[EventCountry "FRA"]
[SourceTitle "EXT 2015"]
[Source "ChessBase"]
[SourceDate "2014.11.20"]
[SourceVersion "1"]
[SourceVersionDate "2014.11.20"]
[SourceQuality "1"]

1. e4 d5 2. exd5 Nf6 3. d4 Bg4 4. Be2 Bxe2 5. Nxe2 Qxd5 6. 0-0 Nc6 7. Nbc3 Qd7 8. Bf4 0-0-0 9. Nb5 Nd5 10. Bg3 a6 11. a4 h5 12. c4 h4 13. cxd5 hxg3 14. dxc6 gxh2+ 15. Kh1 bxc6 16. Na3 Qg4 17. Qd3 Rd5 18. Qxa6+ Kd7 19. Rac1 Rh6 20. Nc4 c5 21. Qb5+ Kd8 22. Ne3 Qe6 23. Qb8+ Kd7 24. Nf4 Qa6 25. Nfxd5 1-0